000 00225nam a22000857a 4500
008 170203b xxu||||| |||| 00| 0 eng d
100 _92761
_aDer.H.V.
245 _aLangenscheidt Handworker English
260 _aNew Delhi
_bGoyal
_c2005
999 _c5951
_d5951